[Event "Paracin op-A 18th"]
[Site "Paracin"]
[Date "2025.07.09"]
[Round "6"]
[White "Anand, Batsukh"]
[Black "Khripachenko, Alexander"]
[Result "1-0"]
[WhiteElo "2304"]
[BlackElo "2405"]
[PlyCount "112"]
[EventDate "2025.07.04"]
[EventType "swiss"]
[EventRounds "9"]
[EventCountry "SRB"]
[SourceTitle "CB29_2025"]
[SourceDate "2025.07.16"]
[SourceVersion "1"]
[SourceVersionDate "2025.07.16"]
[SourceQuality "1"]

1. d4 Nf6 2. c4 e6 3. Nc3 Bb4 4. e3 0-0 5. Bd2 d5 6. Nf3 b6 7. cxd5 exd5 8. Rc1 Re8 9. Nb5 Bxd2+ 10. Qxd2 c5 11. Nc3 Nc6 12. Bb5 Bb7 13. 0-0 a6 14. Bxc6 Bxc6 15. Ne5 Bb7 16. b3 Rc8 17. f3 b5 18. Nd3 c4 19. Nc5 Rc7 20. b4 Rce7 21. Rfe1 Qb6 22. Re2 Nd7 23. a4 Bc6 24. axb5 axb5 25. Ra1 Nxc5 26. dxc5 Qb7 27. Qd4 h6 28. Ra5 Re5 29. Kf2 Kh7 30. h3 Kg8 31. Ra1 R5e7 32. Rd1 Rd7 33. Ra2 Re6 34. Ne2 Re8 35. Qf4 Rde7 36. Ra3 Re6 37. Rda1 Rf6 38. Qd4 Qb8 39. Nf4 Rf5 40. Ra6 Qc7 41. Rb6 Rfe5 42. Raa6 Ba8 43. Rxb5 Qe7 44. Ra3 Qf6 45. Rba5 Bb7 46. b5 Qf5 47. c6 Qc2+ 48. Ne2 Bc8 49. Ra8 Rg5 50. Ra2 Qb1 51. h4 Rg6 52. Nf4 Rd6 53. Nxd5 Kh7 54. Qxc4 Qh1 55. Ra1 Qh2 56. Qf4 Rh8 1-0

[Event "Paracin op-A 18th"]
[Site "Paracin"]
[Date "2025.07.07"]
[Round "4"]
[White "Anand, Batsukh"]
[Black "Vihaan, Dumir"]
[Result "1-0"]
[WhiteElo "2304"]
[BlackElo "2143"]
[PlyCount "69"]
[EventDate "2025.07.04"]
[EventType "swiss"]
[EventRounds "9"]
[EventCountry "SRB"]
[SourceTitle "CB29_2025"]
[SourceDate "2025.07.16"]
[SourceVersion "1"]
[SourceVersionDate "2025.07.16"]
[SourceQuality "1"]

1. d4 Nf6 2. Nc3 d5 3. Bf4 a6 4. e3 e6 5. Nf3 Bd6 6. Bd3 Bxf4 7. exf4 0-0 8. Qd2 b6 9. Ne2 c5 10. c3 Bb7 11. Ne5 Nc6 12. Qe3 Qe7 13. f3 Rfe8 14. Kf2 Nd7 15. Rae1 Rac8 16. Bb1 Ndxe5 17. fxe5 f6 18. Qd3 g6 19. exf6 Qxf6 20. Rhf1 Rcd8 21. Qe3 e5 22. dxc5 d4 23. cxd4 exd4 24. Qb3+ Kh8 25. Ng3 Rxe1 26. Rxe1 d3 27. Bxd3 Ne5 28. Be4 Bxe4 29. Nxe4 Qh4+ 30. Kf1 Qxh2 31. Nf2 bxc5 32. Qc3 Re8 33. Ng4 Qh1+ 34. Kf2 Qh4+ 35. g3 1-0

[Event "Cesme op-A 11th"]
[Site "Izmir"]
[Date "2025.06.28"]
[Round "8"]
[White "Anand, Batsukh"]
[Black "Primbetov, Kazbek"]
[Result "0-1"]
[WhiteElo "2304"]
[BlackElo "2133"]
[PlyCount "106"]
[EventDate "2025.06.23"]
[EventType "swiss"]
[EventRounds "9"]
[EventCountry "TUR"]
[SourceTitle "CB27_2025"]
[SourceDate "2025.07.02"]
[SourceVersion "1"]
[SourceVersionDate "2025.07.02"]
[SourceQuality "1"]

1. d4 Nf6 2. c4 g6 3. Nc3 Bg7 4. g3 0-0 5. Bg2 d6 6. Nf3 Nc6 7. 0-0 Bf5 8. Bg5 h6 9. Be3 Ng4 10. Bc1 e5 11. d5 Ne7 12. e4 Bd7 13. h3 Nf6 14. Be3 Ne8 15. Nd2 f5 16. exf5 gxf5 17. f4 Ng6 18. fxe5 dxe5 19. Qh5 Kh7 20. Nce4 f4 21. Bc5 Rf5 22. Qe2 fxg3 23. Rxf5 Bxf5 24. Qh5 Nh4 25. Rf1 Bg6 26. Qg4 Nxg2 27. Kxg2 c6 28. Rf3 cxd5 29. cxd5 Qxd5 30. Rxg3 Qc6 31. Bd6 Bxe4+ 32. Nxe4 Qc2+ 33. Kh1 Qc1+ 34. Kh2 Qf4 35. Qg6+ Kh8 36. Bc5 Rc8 37. Be3 Qf8 38. Rg2 Rc6 39. Qg3 Qf5 40. Nc3 a6 41. Nd5 Qf7 42. Nc3 Rf6 43. Qh4 Nd6 44. Bc5 Nf5 45. Qe4 Nd4 46. Bxd4 exd4 47. Qxd4 Qc7+ 48. Rg3 Rg6 49. Qe3 Rxg3 50. Qe8+ Kh7 51. Nd5 Qe5 52. Ne7 Rg5+ 53. Kh1 Qe4+ 0-1

[Event "Cesme op-A 11th"]
[Site "Izmir"]
[Date "2025.06.27"]
[Round "7"]
[White "Cevizci, Yusuf Baran"]
[Black "Anand, Batsukh"]
[Result "0-1"]
[WhiteElo "2062"]
[BlackElo "2304"]
[PlyCount "80"]
[EventDate "2025.06.23"]
[EventType "swiss"]
[EventRounds "9"]
[EventCountry "TUR"]
[SourceTitle "CB27_2025"]
[SourceDate "2025.07.02"]
[SourceVersion "1"]
[SourceVersionDate "2025.07.02"]
[SourceQuality "1"]

1. e4 c6 2. Nf3 d5 3. Nc3 dxe4 4. Nxe4 Nf6 5. Qe2 Nxe4 6. Qxe4 Qd5 7. Qe3 Bf5 8. b3 Qe4 9. Qxe4 Bxe4 10. Be2 Nd7 11. Bb2 e6 12. 0-0-0 Be7 13. d3 Bxf3 14. Bxf3 Bf6 15. d4 0-0-0 16. c4 Nf8 17. Rhe1 Ng6 18. g3 Rd6 19. h4 Rhd8 20. Re4 R6d7 21. Rg4 Ne7 22. d5 Bxb2+ 23. Kxb2 g6 24. Re1 cxd5 25. cxd5 Nxd5 26. Bxd5 Rxd5 27. Rc1+ Kd7 28. Rgc4 Ke7 29. Rc7+ R8d7 30. Rc8 Rd2+ 31. R1c2 Rxc2+ 32. Kxc2 Kf6 33. b4 h5 34. Rc5 e5 35. b5 Ke6 36. a4 Kd6 37. Rc8 Rc7+ 38. Rxc7 Kxc7 39. Kd3 Kd6 40. Kc4 b6 0-1

[Event "Eastern Asia zt 3.3"]
[Site "Ulaanbaatar"]
[Date "2025.05.01"]
[Round "9"]
[White "Bersamina, Paulo"]
[Black "Anand, Batsukh"]
[Result "1-0"]
[WhiteElo "2411"]
[BlackElo "2295"]
[PlyCount "83"]
[EventDate "2025.04.23"]
[EventType "swiss"]
[EventRounds "9"]
[EventCountry "MGL"]
[SourceTitle "CB20_2025"]
[SourceDate "2025.05.14"]
[SourceVersion "1"]
[SourceVersionDate "2025.05.14"]
[SourceQuality "1"]

1. e4 c6 2. d4 d5 3. e5 c5 4. dxc5 e6 5. Nf3 Bxc5 6. Bd3 Nc6 7. 0-0 f6 8. Qe2 fxe5 9. Nxe5 Nf6 10. Bf4 0-0 11. Nd2 Nd4 12. Qd1 Qe8 13. Be3 Bb6 14. Ndf3 Nxf3+ 15. Qxf3 Bc7 16. Bd4 Bd7 17. Qe2 Bxe5 18. Qxe5 Qh5 19. Qxh5 Nxh5 20. g3 Rfc8 21. Rfe1 Nf6 22. f3 a6 23. a4 Re8 24. Re3 Kf7 25. h4 Bc6 26. b3 Re7 27. b4 Be8 28. g4 Rc8 29. h5 Bd7 30. Kg2 b5 31. a5 Bc6 32. Rae1 Rh8 33. Kg3 Bb7 34. Kh4 Nd7 35. g5 e5 36. Bxh7 Nf8 37. g6+ Kf6 38. Rxe5 Rxe5 39. Bxe5+ Kf5 40. Bxg7 Rxh7 41. gxh7 Nxh7 42. Kg3 1-0

[Event "Rilton Cup 52nd"]
[Site "Stockholm"]
[Date "2024.12.27"]
[Round "1"]
[White "Anand, Batsukh"]
[Black "Livaic, Leon"]
[Result "0-1"]
[WhiteElo "2290"]
[BlackElo "2560"]
[PlyCount "132"]
[EventDate "2024.12.27"]
[EventType "swiss"]
[EventRounds "9"]
[EventCountry "SWE"]
[SourceTitle "CB02_2025"]
[SourceDate "2025.01.08"]
[SourceVersion "1"]
[SourceVersionDate "2025.01.08"]
[SourceQuality "1"]

1. Nf3 d6 2. d4 Nf6 3. g3 g6 4. Bg2 Bg7 5. 0-0 0-0 6. a4 a5 7. Re1 Nc6 8. e4 e5 9. d5 Ne7 10. Nc3 b6 11. Nd2 Nd7 12. Nc4 Ba6 13. Nb5 f5 14. f4 fxe4 15. fxe5 Bxb5 16. axb5 Nxe5 17. Nxe5 Bxe5 18. Rxe4 Nf5 19. c3 Qf6 20. Qf3 Qf7 21. Bf4 Rae8 22. Bxe5 dxe5 23. Rae1 Qxd5 24. Qe2 Qc5+ 25. Kh1 Nd6 26. Rxe5 Rxe5 27. Qxe5 Qxe5 28. Rxe5 Rf2 29. Re7 Rxb2 30. Bd5+ Kh8 31. Rxc7 Rxb5 32. Be6 Re5 33. Bb3 Rc5 34. Rd7 Rxc3 35. Be6 Ne4 36. Rb7 Rc1+ 37. Kg2 Rc2+ 38. Kg1 Rb2 39. Bd5 Nc5 40. Ra7 Rd2 41. Bc6 Rd6 42. Bb5 h5 43. Kf2 Ne4+ 44. Ke3 Nc3 45. Bd3 Nd5+ 46. Ke4 Nf6+ 47. Ke5 Rxd3 48. Kxf6 Rd6+ 49. Kf7 Kh7 50. h4 Rd3 51. Kf8+ Kh6 52. Kg8 Rd8+ 53. Kf7 Rb8 54. Ra6 Rb7+ 55. Kf6 Kh7 56. Ra8 Rc7 57. Ra6 Rc6+ 58. Kf7 Rc3 59. Rxb6 Rf3+ 60. Ke6 Rxg3 61. Rb7+ Kh6 62. Kf7 Rg4 63. Rb6 Rf4+ 64. Kg8 Rxh4 65. Ra6 a4 66. Ra5 Rf4 0-1

[Event "Sant Boi de Llobregat op 5th"]
[Site "Sant Boi de Llobregat"]
[Date "2024.12.05"]
[Round "7"]
[White "Anand, Batsukh"]
[Black "Milat, Marcel Victor"]
[Result "1/2-1/2"]
[WhiteElo "2313"]
[BlackElo "2156"]
[PlyCount "126"]
[EventDate "2024.11.29"]
[EventType "swiss"]
[EventRounds "10"]
[EventCountry "ESP"]
[SourceTitle "CB50_2024"]
[SourceDate "2024.11.01"]
[SourceVersion "1"]
[SourceVersionDate "2024.11.01"]
[SourceQuality "2"]

1. Nf3 Nf6 2. c4 e6 3. g3 d5 4. d4 Bb4+ 5. Nbd2 dxc4 6. Qc2 b5 7. a4 c6 8. Bg2 a5 9. 0-0 0-0 10. axb5 cxb5 11. Ng5 Ra6 12. Nde4 Nbd7 13. Nc3 h6 14. Nf3 Qb6 15. e4 Bb7 16. Re1 Re8 17. h3 e5 18. dxe5 Nxe5 19. Nxe5 Rxe5 20. Bf4 Re6 21. Rad1 Ra8 22. e5 Bxg2 23. Kxg2 Qc6+ 24. Kh2 Bxc3 25. Qxc3 Nd5 26. Qf3 Nb4 27. Qxc6 Rxc6 28. Rd6 Rxd6 29. exd6 Nd3 30. Re7 Nxf4 31. gxf4 Rd8 32. Re5 b4 33. Rxa5 Rxd6 34. Ra4 Rb6 35. Kg2 f5 36. Kf3 c3 37. bxc3 b3 38. Ra1 Rc6 39. Ke3 Rxc3+ 40. Kd4 b2 41. Ra8+ Kf7 42. Rb8 Rc2 43. Ke5 Re2+ 44. Kxf5 g6+ 45. Kg4 Rxf2 46. Kg3 Rc2 47. Kf3 Ke6 48. Ke4 Re2+ 49. Kf3 Rh2 50. Ke4 Kd6 51. f5 gxf5+ 52. Kxf5 Kc5 53. Kg6 Kc4 54. h4 Kc3 55. h5 Rh4 56. Rxb2 Kxb2 57. Kxh6 Rg4 58. Kh7 Kc3 59. h6 Kd4 60. Kh8 Ke5 61. h7 Ra4 62. Kg7 Ra7+ 63. Kg6 Ra8 1/2-1/2

[Event "Sant Boi de Llobregat op 5th"]
[Site "Sant Boi de Llobregat"]
[Date "2024.12.01"]
[Round "3"]
[White "Anand, Batsukh"]
[Black "Paprocki, Jaroslaw"]
[Result "1-0"]
[WhiteElo "2313"]
[BlackElo "2172"]
[PlyCount "85"]
[EventDate "2024.11.29"]
[EventType "swiss"]
[EventRounds "10"]
[EventCountry "ESP"]
[SourceTitle "CB50_2024"]
[SourceDate "2024.11.01"]
[SourceVersion "1"]
[SourceVersionDate "2024.11.01"]
[SourceQuality "2"]

1. Nf3 d5 2. d4 c5 3. c4 cxd4 4. cxd5 Nf6 5. Qxd4 Qxd5 6. Nc3 Qxd4 7. Nxd4 a6 8. Bg5 e6 9. g3 Bc5 10. Nb3 Bb4 11. Bg2 Nbd7 12. 0-0 Rb8 13. Rfd1 h6 14. Bd2 b6 15. Nb5 Be7 16. Nc7+ Kf8 17. Rac1 e5 18. Rc4 g6 19. f4 Kg7 20. Bc3 b5 21. Rc6 b4 22. Be1 Bb7 23. Rcc1 e4 24. Na5 Bc5+ 25. Kh1 Rhc8 26. Nxb7 Rxc7 27. Nxc5 Rxc5 28. Bf2 Rxc1 29. Rxc1 Rb5 30. Bd4 Rd5 31. e3 Rd6 32. Rc7 Kf8 33. Bf1 g5 34. Bc4 Nd5 35. Rc8+ Ke7 36. fxg5 hxg5 37. Rg8 f6 38. h4 gxh4 39. gxh4 Ne5 40. Bb3 Nd3 41. h5 Kf7 42. Rg6 a5 43. Rxf6+ 1-0

[Event "Wch U16"]
[Site "Florianopolis"]
[Date "2024.11.07"]
[Round "9"]
[White "Anand, Batsukh"]
[Black "Nainys, Zanas1"]
[Result "0-1"]
[WhiteElo "2313"]
[BlackElo "2215"]
[PlyCount "94"]
[EventDate "2024.10.29"]
[EventType "swiss"]
[EventRounds "11"]
[EventCountry "BRA"]
[SourceTitle "CB45_2024"]
[Source "ChessBase"]
[SourceDate "2024.11.06"]
[SourceVersion "1"]
[SourceVersionDate "2024.11.06"]
[SourceQuality "1"]

1. d4 d5 2. c4 dxc4 3. Nf3 Nf6 4. e3 e6 5. Bxc4 c5 6. 0-0 cxd4 7. exd4 Be7 8. Nc3 0-0 9. Be3 a6 10. a4 Nc6 11. Qe2 Nb4 12. Ne5 b6 13. Rad1 Bb7 14. f4 Nbd5 15. f5 Rc8 16. fxe6 fxe6 17. Bg5 Nc7 18. Ng4 Qd7 19. Nxf6+ Bxf6 20. Bxf6 gxf6 21. Ne4 f5 22. Ng5 Rce8 23. Rd3 h6 24. Nh3 Kh7 25. Nf4 Rg8 26. Nh5 Ref8 27. Rf2 Qxa4 28. Rg3 Rxg3 29. hxg3 b5 30. Bxe6 Nxe6 31. g4 Be4 32. gxf5 Qxd4 33. f6 Bg6 34. Qxe6 Bxh5 35. Qe7+ Rf7 36. Qe6 Rc7 37. g3 Bf7 38. Qe2 Rc1+ 39. Kh2 Qd5 40. Rf1 Rc5 41. Rf4 Qh5+ 42. Qxh5 Rxh5+ 43. Kg2 Kg6 44. g4 Rc5 45. b4 Rc4 46. Kg3 Rxf4 47. Kxf4 Kxf6 0-1

[Event "Wch U16"]
[Site "Florianopolis"]
[Date "2024.11.02"]
[Round "5"]
[White "Anand, Batsukh"]
[Black "Raczek, Krzysztof"]
[Result "1/2-1/2"]
[WhiteElo "2313"]
[BlackElo "2435"]
[PlyCount "147"]
[EventDate "2024.10.29"]
[EventType "swiss"]
[EventRounds "11"]
[EventCountry "BRA"]
[SourceTitle "CB45_2024"]
[Source "ChessBase"]
[SourceDate "2024.11.06"]
[SourceVersion "1"]
[SourceVersionDate "2024.11.06"]
[SourceQuality "1"]

1. Nf3 d5 2. g3 b6 3. Bg2 Bb7 4. 0-0 e6 5. c4 dxc4 6. Qa4+ Nd7 7. Qxc4 Ngf6 8. b3 Be7 9. Bb2 0-0 10. Qc2 c5 11. Na3 Rc8 12. Rac1 h6 13. Rfd1 a6 14. Nc4 b5 15. Nce5 Nxe5 16. Bxe5 Qb6 17. Qb2 Rfd8 18. h3 Ne8 19. d3 Bf6 20. Rd2 Bxf3 21. Bxf6 Nxf6 22. Bxf3 Rc7 23. Rdc2 Rdc8 24. Qe5 Ne8 25. h4 Kf8 26. Kg2 Qd6 27. Qe3 Nf6 28. Qd2 Nd5 29. Bxd5 exd5 30. b4 c4 31. dxc4 Rxc4 32. Rxc4 bxc4 33. e3 Qe5 34. Qc3 Qxc3 35. Rxc3 Ke7 36. Kf3 Kd6 37. Ke2 Rb8 38. Ra3 Rxb4 39. Rxa6+ Ke5 40. a4 Rb2+ 41. Kf3 h5 42. Ra7 Kd6 43. Ra6+ Kc5 44. Ra5+ Kc6 45. Ra6+ Kb7 46. Ra5 Rd2 47. Rc5 Kb6 48. Rc8 Ka5 49. e4 Kxa4 50. exd5 Kb3 51. Rb8+ Kc2 52. Rb7 Rxd5 53. Rxf7 g6 54. Ke4 Rd2 55. f4 Rd3 56. f5 gxf5+ 57. Rxf5 Rxg3 58. Rxh5 Rg4+ 59. Kf3 Rd4 60. Ke3 Rd3+ 61. Kf4 c3 62. Rc5 Kb3 63. Kg5 Rg3+ 64. Kf6 Rh3 65. h5 Kb4 66. Rxc3 Kxc3 67. Kg6 Kd4 68. h6 Ke5 69. h7 Ke6 70. Kg7 Rg3+ 71. Kf8 Rf3+ 72. Kg7 Rf7+ 73. Kg8 Rxh7 74. Kxh7 1/2-1/2

[Event "Wch U16"]
[Site "Florianopolis"]
[Date "2024.10.31"]
[Round "3"]
[White "Dumanuly, Sultanbeibarys"]
[Black "Anand, Batsukh"]
[Result "0-1"]
[WhiteElo "2083"]
[BlackElo "2313"]
[PlyCount "54"]
[EventDate "2024.10.29"]
[EventType "swiss"]
[EventRounds "11"]
[EventCountry "BRA"]
[SourceTitle "CB45_2024"]
[Source "ChessBase"]
[SourceDate "2024.11.06"]
[SourceVersion "1"]
[SourceVersionDate "2024.11.06"]
[SourceQuality "1"]

1. e4 c6 2. d4 d5 3. e5 c5 4. dxc5 e6 5. a3 Bxc5 6. b4 Be7 7. Qg4 g6 8. Nf3 h5 9. Qg3 a5 10. b5 h4 11. Qg4 Nd7 12. Bd3 Qc7 13. Bb2 Nh6 14. Qf4 f5 15. 0-0 Nc5 16. Nbd2 Nf7 17. Qd4 b6 18. a4 Bb7 19. Rfe1 0-0-0 20. Ba3 g5 21. Nb3 g4 22. Nfd2 g3 23. Qc3 gxf2+ 24. Kxf2 d4 25. Qb2 Nxe5 26. Bxc5 Ng4+ 27. Ke2 Qe5+ 0-1

[Event "Belgrade Serbia op"]
[Site "Belgrade"]
[Date "2024.07.21"]
[Round "9"]
[White "Gagic, Milan A"]
[Black "Anand, Batsukh"]
[Result "1/2-1/2"]
[WhiteElo "2280"]
[BlackElo "2264"]
[PlyCount "36"]
[EventDate "2024.07.12"]
[EventType "swiss"]
[EventRounds "9"]
[EventCountry "SRB"]
[SourceTitle "CBM 221 Extra"]
[Source "ChessBase"]
[SourceDate "2024.09.30"]
[SourceVersion "1"]
[SourceVersionDate "2024.09.30"]
[SourceQuality "1"]

1. e4 c6 2. d4 d5 3. exd5 cxd5 4. c4 Nc6 5. Nc3 Nf6 6. Bg5 Be6 7. a3 g6 8. Bxf6 exf6 9. cxd5 Bxd5 10. Qe2+ Ne7 11. Nxd5 Qxd5 12. Qb5+ Kd8 13. Qxd5+ Nxd5 14. Bc4 Nf4 15. g3 Rc8 16. b3 Ne6 17. Nf3 Bd6 18. 0-0 Re8 1/2-1/2

[Event "Belgrade Serbia op"]
[Site "Belgrade"]
[Date "2024.07.20"]
[Round "8"]
[White "Anand, Batsukh"]
[Black "Durucay, Uygar"]
[Result "1-0"]
[WhiteElo "2264"]
[BlackElo "2164"]
[PlyCount "113"]
[EventDate "2024.07.12"]
[EventType "swiss"]
[EventRounds "9"]
[EventCountry "SRB"]
[SourceTitle "CBM 221 Extra"]
[Source "ChessBase"]
[SourceDate "2024.09.30"]
[SourceVersion "1"]
[SourceVersionDate "2024.09.30"]
[SourceQuality "1"]

1. Nf3 Nf6 2. c4 e6 3. g3 d5 4. Bg2 d4 5. d3 Nc6 6. 0-0 Bc5 7. e4 dxe3 8. Bxe3 Bxe3 9. fxe3 e5 10. d4 Bg4 11. Qe1 Bxf3 12. Bxf3 Qe7 13. d5 Nb4 14. Qc3 e4 15. Bg2 a5 16. Nd2 0-0 17. Rf5 Rfe8 18. a3 Nd3 19. Qd4 Qc5 20. Qxc5 Nxc5 21. Kf1 Ng4 22. Ke2 g6 23. Rff1 Nxh2 24. Rh1 Ng4 25. b4 Na4 26. Nb3 Nb2 27. c5 a4 28. Na5 b6 29. Rab1 Nd3 30. cxb6 cxb6 31. Nc6 Nf6 32. Bxe4 Nxe4 33. Kxd3 Nf2+ 34. Kc4 Nxh1 35. Rxh1 Rac8 36. Kb5 Rc7 37. Kxb6 Rd7 38. Rd1 Rxe3 39. Nb8 Rd8 40. Kc7 Rf8 41. d6 Rxa3 42. d7 Rb3 43. Nc6 a3 44. d8Q Rxd8 45. Rxd8+ Kg7 46. Ra8 h5 47. Ra4 g5 48. Nd4 Rd3 49. b5 a2 50. Nc6 Rxg3 51. b6 Rb3 52. b7 g4 53. Rxa2 g3 54. Nd4 Rxb7+ 55. Kxb7 Kg6 56. Ra5 f6 57. Nf5 1-0

[Event "MGL-ch 62nd"]
[Site "Choibalsan"]
[Date "2024.05.29"]
[Round "12"]
[White "Anand, Batsukh"]
[Black "Ariunbuuvei, Badamdorj"]
[Result "1/2-1/2"]
[WhiteElo "2301"]
[BlackElo "2232"]
[PlyCount "212"]
[EventDate "2024.05.17"]
[EventType "tourn"]
[EventRounds "13"]
[EventCountry "MGL"]
[SourceTitle "CBM 220 Extra"]
[Source "ChessBase"]
[SourceDate "2024.07.31"]
[SourceVersion "1"]
[SourceVersionDate "2024.07.31"]
[SourceQuality "1"]

1. Nf3 d5 2. d4 Nf6 3. c4 e6 4. g3 dxc4 5. Bg2 Bb4+ 6. Bd2 a5 7. Qc2 Bxd2+ 8. Qxd2 c6 9. a4 b5 10. axb5 cxb5 11. Qg5 0-0 12. Qxb5 Ba6 13. Qa4 Qb6 14. Nbd2 Bb5 15. Qc2 Rc8 16. 0-0 Ra7 17. Rfc1 Rac7 18. Ra3 Nc6 19. Ne4 Nxd4 20. Nxd4 Qxd4 21. Rd1 Qb6 22. Nxf6+ gxf6 23. Qc3 Kg7 24. Rxa5 Ra7 25. Rxa7 Qxa7 26. h3 e5 27. Be4 Bd7 28. Qf3 Be6 29. Bf5 Qb6 30. Qe4 Bxf5 31. Qxf5 Qe6 32. Qh5 Rb8 33. Rd2 Rb5 34. e4 Rb3 35. Rc2 Rd3 36. Kg2 Rd4 37. Qe2 Kf8 38. Rc3 Qb6 39. Re3 Qb7 40. Qf3 Ke7 41. Re2 Rd3 42. Qf5 Rb3 43. Rc2 Rb4 44. h4 Qd7 45. Qxd7+ Kxd7 46. Kf3 h5 47. Ke2 Ke6 48. Kd2 Kd6 49. Kc1 Kc5 50. Rd2 Rb3 51. Kd1 Rf3 52. Ke2 Rb3 53. f3 Rb8 54. Kf2 Kb4 55. g4 hxg4 56. fxg4 c3 57. bxc3+ Kxc3 58. Rd6 Rb2+ 59. Kg3 Rb1 60. h5 Rg1+ 61. Kh3 Rf1 62. Kg2 Rf4 63. Kg3 Rf1 64. Rd7 Rg1+ 65. Kh3 Rf1 66. Kg2 Rf4 67. Kg3 Rf1 68. Rxf7 Kd3 69. h6 Rg1+ 70. Kf3 Rh1 71. Rd7+ Kc4 72. h7 Kc5 73. Kg2 Rh6 74. Kg3 Kc6 75. Rf7 Kc5 76. g5 fxg5 77. Kg4 Kd4 78. Kxg5 Rh2 79. Kf5 Rf2+ 80. Kg6 Rg2+ 81. Kf6 Rf2+ 82. Kg5 Rg2+ 83. Kh4 Rh2+ 84. Kg3 Rh1 85. Ra7 Rh6 86. Kf3 Rh3+ 87. Kg4 Rh1 88. Kf5 Rf1+ 89. Kg6 Rg1+ 90. Kf6 Rf1+ 91. Kg7 Rg1+ 92. Kf6 Rf1+ 93. Kg6 Rg1+ 94. Kf7 Rh1 95. Kg8 Kxe4 96. h8Q Rxh8+ 97. Kxh8 Kf3 98. Ra3+ Kf2 99. Ra4 Kf3 100. Kg7 e4 101. Kf6 e3 102. Ke5 e2 103. Rf4+ Kg2 104. Re4 Kf2 105. Kd4 e1Q 106. Rxe1 Kxe1 1/2-1/2

[Event "MGL-ch 62nd"]
[Site "Choibalsan"]
[Date "2024.05.26"]
[Round "9"]
[White "Anand, Batsukh"]
[Black "Agibileg, Uurtsaikh"]
[Result "0-1"]
[WhiteElo "2301"]
[BlackElo "2442"]
[PlyCount "95"]
[EventDate "2024.05.17"]
[EventType "tourn"]
[EventRounds "13"]
[EventCountry "MGL"]
[SourceTitle "CBM 220 Extra"]
[Source "ChessBase"]
[SourceDate "2024.07.31"]
[SourceVersion "1"]
[SourceVersionDate "2024.07.31"]
[SourceQuality "1"]

1. Nf3 d5 2. d4 Nf6 3. c4 dxc4 4. e3 a6 5. a4 e6 6. Bxc4 c5 7. 0-0 Nc6 8. Nc3 Be7 9. Qe2 0-0 10. Rd1 cxd4 11. exd4 Nb4 12. Ne5 b6 13. Qf3 Qc7 14. Bf4 Bb7 15. Qe2 Qd8 16. Rac1 Nfd5 17. Be3 Bg5 18. Qd2 Bf6 19. Bb3 Rc8 20. Ne4 Be7 21. Nc3 Rc7 22. Qe2 Qc8 23. Bd2 Rd8 24. Qh5 g6 25. Qh3 Nf6 26. Bf4 Nh5 27. Be3 Ba8 28. Re1 Bf6 29. Bh6 Qb7 30. Bd1 Rxd4 31. Bf3 Qc8 32. Ng4 Bg7 33. Be3 Rd3 34. Qh4 Bxf3 35. gxf3 Rc4 36. Qh3 f5 37. Nh6+ Kf8 38. Bg5 Bd4 39. Rcd1 Qc6 40. Nxf5 exf5 41. Qh4 Bf6 42. Bh6+ Kf7 43. Qh3 Rcd4 44. Be3 Rxd1 45. Nxd1 Nc2 46. Bxd4 Nxe1 47. Be3 Nxf3+ 48. Kf1 0-1

[Event "MGL-ch 62nd"]
[Site "Choibalsan"]
[Date "2024.05.19"]
[Round "3"]
[White "Anand, Batsukh"]
[Black "Amartuvshin, Ganzorig"]
[Result "0-1"]
[WhiteElo "2301"]
[BlackElo "2411"]
[PlyCount "126"]
[EventDate "2024.05.17"]
[EventType "tourn"]
[EventRounds "13"]
[EventCountry "MGL"]
[SourceTitle "CBM 220 Extra"]
[Source "ChessBase"]
[SourceDate "2024.07.31"]
[SourceVersion "1"]
[SourceVersionDate "2024.07.31"]
[SourceQuality "1"]

1. Nf3 Nf6 2. c4 e6 3. g3 d5 4. Bg2 dxc4 5. 0-0 Nbd7 6. Qa4 a6 7. Qxc4 b5 8. Qc2 c5 9. Ne5 Nd5 10. Nxd7 Qxd7 11. Nc3 Bb7 12. Nxd5 Bxd5 13. b3 Bxg2 14. Kxg2 Qd5+ 15. e4 Qd6 16. Bb2 Rd8 17. Rad1 Qb6 18. b4 cxb4 19. f4 f6 20. d4 Be7 21. Qb3 Qc6 22. Qf3 0-0 23. Rc1 Qb7 24. f5 exf5 25. Qxf5 Bd6 26. d5 Rfe8 27. Rc6 Qe7 28. Re1 a5 29. g4 Qf7 30. Bd4 a4 31. h3 Be5 32. Bxe5 Rxe5 33. Rc8 Rde8 34. Rxe8+ Qxe8 35. Qf4 b3 36. axb3 axb3 37. Qe3 b2 38. Kf3 g6 39. Rb1 f5 40. gxf5 gxf5 41. Qg5+ Qg6 42. Qxg6+ hxg6 43. exf5 Rxf5+ 44. Kg3 Rg5+ 45. Kf3 Rxd5 46. Rxb2 Kf7 47. h4 Ke7 48. Kf4 Rh5 49. Kg4 Rf5 50. Ra2 Rf6 51. Ra7+ Kd6 52. Kg5 Re6 53. Ra8 b4 54. Rc8 Kd5 55. Rd8+ Kc5 56. Rc8+ Kb5 57. Rb8+ Rb6 58. Ra8 b3 59. Ra1 Kb4 60. Rh1 b2 61. Rb1 Kb3 62. Rh1 Ka2 63. Rh2 Ka1 0-1